Cécile Gagnant - Ben Mazué - Paroles - Statistiques

Statistiques générales
  • Ce quiz a été pris 9 fois
  • Le résultat moyen est 255 sur 300
Statistiques - réponses
Réponse % Correct
à
100%
a
100%
ai
100%
comme
100%
Comme
100%
de
100%
des
100%
élevés
100%
fille
100%
fille,
100%
filles
100%
garçon
100%
garçons
100%
garçons,
100%
Je
100%
la
100%
Les
100%
les
100%
me
100%
mes
100%
sa
100%
amour,
86%
appris
86%
Cécile
86%
c'est
86%
C'est
86%
chérie,
86%
chignon
86%
collant
86%
compris
86%
C'que
86%
cru
86%
dans
86%
défier
86%
depuis
86%
dignes
86%
du
86%
d'un
86%
élevée
86%
encore
86%
enfants
86%
et
86%
Et
86%
eu
86%
faire
86%
foot
86%
frères
86%
grands
86%
Ils
86%
jamais
86%
j'aurai
86%
J'aurais
86%
j'aurais
86%
j'en
86%
J't'aurais
86%
justement
86%
J'vais
86%
L'amour
86%
leur
86%
l'hôtel
86%
ma
86%
mais
86%
meilleur
86%
merveille
86%
mettre
86%
moment
86%
mon
86%
Oh
86%
Oh,
86%
pas
86%
pensées
86%
père
86%
petit
86%
peut
86%
plaindre,
86%
plus
86%
pour
86%
pu
86%
puants
86%
Puis
86%
puis
86%
Que
86%
que
86%
race
86%
rêves
86%
rien
86%
sais
86%
sale
86%
soleil
86%
sont
86%
Sont
86%
tél'
86%
tes
86%
toi,
86%
tout
86%
trop
86%
un
86%
une
86%
vivent
86%
y
86%
Y
86%
aime
71%
aurait
71%
belle
71%
ça
71%
capables
71%
chacals
71%
crevant
71%
cruels
71%
danse
71%
d'la
71%
d'question
71%
Écoute,
71%
été
71%
fait
71%
fiers,
71%
Gagnant
71%
j'le
71%
J'les
71%
J'suis
71%
j'vois
71%
l'penses
71%
l'temps
71%
maintenant
71%
même
71%
Mistral
71%
n'existeras
71%
Oui,
71%
qu'j'suis
71%
qu'tu
71%
sans
71%
Solides
71%
sur
71%
t'aurai
71%
T'aurais
71%
tu
71%
vieux,
71%
voir
71%
imaginée
57%
Parce
57%
seulement
57%
nouveaux-nés,
43%
passé
43%
Aucun quiz correspondant
Distribution des résultats
% des personnes avec chaque résultat
Percentile par nombre de réponses
Votre historique - résultats
Vous n’avez pas pris ce quiz